书目信息 |
| 题名: |
高分子合成
|
|
| 作者: | 奥弗贝格 , J·R·埃利奥特 主编 ;冯汉保 , 洪啸吟 译 | |
| 分册: | 第二卷 | |
| 出版信息: | 北京 科学出版社 1974 |
|
| 页数: | 125页 | |
| 开本: | 19cm | |
| 丛书名: | ||
| 单 册: | ||
| 中图分类: | TQ314.2 | |
| 科图分类: | ||
| 主题词: | 高聚物反应 , 高聚物--原料--辅助材料 | |
| 电子资源: | ||
| ISBN: | ||
| 000 | 00865nam0 2200277 45 | |
| 001 | 0183006701 | |
| 005 | 20081022083439.53 | |
| 010 | @dCNY0.45 | |
| 091 | @a13031.187 | |
| 100 | @a19950726d1974 em y0chiy0121 ea | |
| 101 | 1 | @achi@cjpn |
| 102 | @aCN@b110000 | |
| 105 | @ay z 000yy | |
| 200 | 10 | @a高分子合成@Agao fen zi he cheng@h第二卷@f(美)J·R·埃利奥特编@F(mei)J·R·ai li ao te bian@g洪啸吟,冯汉保译@Ghong xiao yin,feng han bao yi |
| 210 | @a北京@c科学出版社@d1974 | |
| 215 | @a125页@d19cm | |
| 606 | @a高聚物反应 | |
| 606 | 0 | @a高聚物@x原料@x辅助材料 |
| 690 | @aTQ314.2@v3 | |
| 701 | 0 | @a奥弗贝格@Aao fu bei ge@4主编 |
| 701 | 0 | @aJ·R·埃利奥特@AJ·R·ai li ao te@4编 |
| 702 | 0 | @a冯汉保@Afeng han bao@4译 |
| 702 | 0 | @a洪啸吟@Ahong xiao yin@4译 |
| 801 | 0 | @aCN@b上海图书馆@c20081022 |
| 801 | 2 | @aCN@bNLC@c20060302 |
| 905 | @dTQ314.2@e1:2 | |
| 高分子合成.第二卷/(美)J·R·埃利奥特编/洪啸吟,冯汉保译.-北京:科学出版社,1974 |
| 125页;19cm |
| ISBN :CNY0.45 |
| ● |
| 相关链接 |
|
|
|
|
正题名:高分子合成
索取号:TQ314.2/1:2
 
预约/预借
| 序号 | 登录号 | 条形码 | 馆藏地/架位号 | 状态 | 备注 |
| 1 | 0017210 | 202166306 | 第二样本阅览室/ [索取号:TQ314.2/1:2] | 在馆 |